| 000 | 00530nam a2200157Ia 4500 | ||
|---|---|---|---|
| 008 | 210719s2016 xx 000 0 und d | ||
| 041 | _aeng | ||
| 082 | _a338.95487 JOSS | ||
| 100 | _aJOSHI (G V) | ||
| 245 | _aStruggles and challenges in development: governance and management issues in a regional context | ||
| 260 | _c2016 | ||
| 300 |
_a40 _bPB |
||
| 650 | _aEconomic Development | ||
| 650 | _aEconomic Development | ||
| 906 | _aa ; challenges ; context ; development:governance ; issues ; management ; regional ; Struggles | ||
| 999 |
_c215728 _d215728 |
||